000
00251nam a2200109Ia 4500
008
190216s9999||||xx |||||||||||||| ||und||
100
_a
Lakhan Pal R C
245
0
_a
Objective Physics
260
_b
S Dihesh & Co
_c
1998
300
_a
1104p
942
_c
REF
999
_c
36387
_d
36387